| 000 | 00686nam a2200229Ia 4500 | ||
|---|---|---|---|
| 005 | 20220520143817.0 | ||
| 008 | 131103s9999 xx 000 0 und d | ||
| 020 | _aSBN 0333916169 | ||
| 040 | _aLoreto College | ||
| 041 | _aEnglish | ||
| 082 |
_a301.15 _bMAC |
||
| 100 | _aMaciver,R.M. | ||
| 245 |
_aSociety _b an introductory analysis _cR.M.Maciver and Charles H.Page |
||
| 260 |
_aMadras _bMacmillan India Ltd. _c1974 |
||
| 300 |
_axiii,697 p. _b illus.,fig.,tables |
||
| 504 | _aFirst English Edition 1950,first published in India 1974,reprinted 1974 | ||
| 650 | _aSociology | ||
| 651 | _aSocial Interaction | ||
| 700 | _aPage,Charles H. | ||
| 850 | _aLCLIB | ||
| 942 | _cBK | ||
| 999 |
_c11182 _d61661 |
||